El Fin del poder contrainsurgente en Guatemala; subtítulo del libro Del Autoritarismo a la Paz, Edelberto Torres Rivas y Gabriel Aguilera Peralta
Αποθηκεύτηκε σε:
| Μορφή: | Κείμενο |
|---|---|
| Ετικέτες: |
Προσθήκη ετικέτας
Δεν υπάρχουν, Καταχωρήστε ετικέτα πρώτοι!
|
MARC
| LEADER | 00000 a a2200000 04500 | ||
|---|---|---|---|
| 001 | 8526 | ||
| 003 | |||
| 040 | |||
| 245 | |a El Fin del poder contrainsurgente en Guatemala; subtítulo del libro Del Autoritarismo a la Paz, Edelberto Torres Rivas y Gabriel Aguilera Peralta | ||
| 773 | |g volumen 7, número 51; páginas 24-26 | ||
| 999 | |c 24023 |d 24023 | ||
